[Event "chess.com SpeedChess Q2Sw"]
[Site "chess.com INT"]
[Date "2022.11.12"]
[Round "10"]
[White "Ter-Sahakyan, Samvel"]
[Black "Vaibhav, Jayant Raut"]
[Result "1/2-1/2"]
[WhiteTitle "GM"]
[BlackTitle "CM"]
[WhiteElo "2605"]
[BlackElo "2247"]
[WhiteFideId "13302531"]
[BlackFideId "5089034"]
[EventDate "2022.11.12"]

1. e4 c5 2. Nf3 Nc6 3. Bb5 g6 4. O-O Bg7 5. c3 Nf6 6. Re1 O-O 7. d4 cxd4 8. cxd4
d5 9. e5 Ne4 10. Be3 Bd7 11. Ba4 Rc8 12. Bb3 Be6 13. Nbd2 Nxd2 14. Qxd2 Na5 15.
Ng5 Bf5 16. Rac1 Nxb3 17. axb3 Qb6 18. b4 a6 19. Rc5 Rxc5 20. bxc5 Qb5 21. h3 h6
22. Nf3 g5 23. Nh2 b6 24. Qc3 Rc8 25. Nf3 Be4 26. Nd2 Bf5 27. Rc1 a5 28. Qb3
Qxb3 29. Nxb3 a4 30. Nd2 bxc5 31. dxc5 Bxe5 32. Ra1 Bc2 33. Nf3 Bxb2 34. Ra2 Rb8
35. Bd4 a3 36. c6 Bb1 37. Bxb2 Bxa2 38. Bxa3 Rc8 39. Ne5 f6 40. Ng6 Kf7 41. Nxe7
Rc7 42. Nf5 Rxc6 43. Nxh6+ Kg6 44. Ng4 d4 45. Kf1 Be6 46. f3 Bxg4 47. hxg4 Rc2
48. Bb4 f5 49. gxf5+ Kxf5 50. g3 g4 51. fxg4+ Kxg4 52. Bd6 Kf3 53. Ke1 d3 54.
Kd1 Rg2 55. Bf4 Ke4 56. Ke1 Kd4 57. Kd1 Re2 58. Bg5 Rf2 59. Bh6 Kc3 60. Bg7+ Kc4
61. Bh6 d2 62. Bxd2 Kd3 63. Be1 Rg2 64. g4 Rxg4 65. Bf2 Ra4 66. Kc1 Ra2 67. Bb6
Rc2+ 68. Kb1 Kc3 69. Ba5+ Kb3 70. Bb6 Rb2+ 71. Kc1 Rc2+ 72. Kd1 Rc6 73. Be3 Kc3
74. Ke2 Re6 75. Kf3 Kd3 76. Bf4 Rf6 77. Kg4 Ke4 78. Bg3 Rg6+ 79. Kh4 Kf3 80. Be5
Ke4 81. Bg3 Rg8 82. Bd6 Kf5 83. Kh3 Ke4 84. Kh4 Kf3 85. Kh5 Rd8 86. Bc7 Rd7 87.
Bb8 Ke4 88. Kg6 Kd5 89. Bf4 Ke6 90. Kg5 Rd5+ 91. Kg4 Kf6 92. Kf3 Kf5 93. Be3 Rd3
94. Kf2 Ke4 95. Bg5 Rf3+ 96. Ke2 Rf5 97. Bh4 Rh5 98. Bg3 Rh3 99. Kf2 Rh5 100.
Kg2 Ra5 101. Bf2 Kf4 102. Bg3+ Kg4 103. Bf2 Ra2 104. Kg1 Kf3 105. Bd4 Rd2 106.
Bc5 Rd1+ 107. Kh2 Rd5 108. Bb6 Rh5+ 109. Kg1 Rh6 110. Ba7 Rh8 111. Bc5 Kg3 112.
Bd6+ Kf3 113. Bc5 Rc8 114. Bd6 Rd8 1/2-1/2

[Event "chess.com SpeedChess Q2Sw"]
[Site "chess.com INT"]
[Date "2022.11.12"]
[Round "11"]
[White "Sadovsky, Artem"]
[Black "Gabrielian, Artur"]
[Result "0-1"]
[WhiteTitle "IM"]
[BlackTitle "GM"]
[WhiteElo "2276"]
[BlackElo "2460"]
[WhiteFideId "4155840"]
[BlackFideId "4131002"]
[EventDate "2022.11.12"]

1. Nf3 Nf6 2. e3 g6 3. b3 Bg7 4. Bb2 O-O 5. c4 d6 6. d4 c5 7. dxc5 Qa5+ 8. Nbd2
dxc5 9. Qc2 Bf5 10. Bd3 Bxd3 11. Qxd3 Nc6 12. Kf1 Rfd8 13. Qc2 Nb4 14. Qb1 Nd3
15. Ke2 Nxb2 16. Qxb2 Ng4 17. Qxg7+ Kxg7 18. Ne4 Nf6 19. Nxf6 exf6 20. Ne5 fxe5
21. Kf3 Rd2 22. Ke4 f5+ 23. Kxe5 Qc7+ 24. Ke6 Qd6# 0-1

[Event "chess.com SpeedChess Q2Sw"]
[Site "chess.com INT"]
[Date "2022.11.12"]
[Round "11"]
[White "Azarov, Sergei"]
[Black "Novik, Maxim"]
[Result "1-0"]
[WhiteTitle "GM"]
[BlackTitle "GM"]
[WhiteElo "2562"]
[BlackElo "2412"]
[WhiteFideId "13501470"]
[BlackFideId "4102924"]
[EventDate "2022.11.12"]

1. e4 c6 2. d4 d5 3. Nc3 dxe4 4. Nxe4 Bf5 5. Ng3 Bg6 6. Nh3 Nf6 7. Nf4 e5 8.
dxe5 Qa5+ 9. c3 Qxe5+ 10. Be2 Nbd7 11. O-O Be7 12. Re1 O-O-O 13. Qa4 Bc5 14.
Nxg6 hxg6 15. Bf4 Qe7 16. Qxc6+ 1-0

[Event "chess.com SpeedChess Q2Sw"]
[Site "chess.com INT"]
[Date "2022.11.12"]
[Round "11"]
[White "Quispe Arteaga, Gabriel"]
[Black "Postnikov, Daniil"]
[Result "1-0"]
[WhiteTitle "FM"]
[BlackTitle "FM"]
[WhiteElo "2374"]
[BlackElo "2360"]
[WhiteFideId "32059809"]
[BlackFideId "4166329"]
[EventDate "2022.11.12"]

1. c4 Nf6 2. Nc3 g6 3. e4 d6 4. d4 Bg7 5. h4 O-O 6. h5 c5 7. hxg6 fxg6 8. d5 b5
9. f3 bxc4 10. Bxc4 Nbd7 11. Nge2 Rb8 12. Bb3 Ne5 13. Bc2 Nh5 14. b3 Nxf3+ 15.
gxf3 Bxc3+ 16. Nxc3 1-0

[Event "chess.com SpeedChess Q2Sw"]
[Site "chess.com INT"]
[Date "2022.11.12"]
[Round "11"]
[White "Aditya, Mittal"]
[Black "Al-Tarboush, Ward"]
[Result "1-0"]
[WhiteTitle "IM"]
[BlackTitle "FM"]
[WhiteElo "2486"]
[BlackElo "2238"]
[WhiteFideId "35042025"]
[BlackFideId "7601450"]
[EventDate "2022.11.12"]

1. d4 Nf6 2. c4 g6 3. Nc3 d5 4. cxd5 Nxd5 5. Bd2 Bg7 6. e4 Nxc3 7. Bxc3 O-O 8.
Qd2 b6 9. Nf3 Bb7 10. Bd3 c5 11. d5 Nd7 12. h4 Nf6 13. h5 e6 14. dxe6 Nxe4 15.
Bxe4 Bxe4 16. Qxd8 Bxc3+ 17. bxc3 Rfxd8 18. exf7+ Kg7 19. Ng5 Bd5 20. h6+ Kh8
21. O-O-O Bxa2 22. Rxd8+ Rxd8 23. Re1 1-0

[Event "chess.com SpeedChess Q2Sw"]
[Site "chess.com INT"]
[Date "2022.11.12"]
[Round "11"]
[White "Fernandez Siles, Luis"]
[Black "Aghasiyev, Kamal"]
[Result "0-1"]
[WhiteTitle "FM"]
[BlackTitle "IM"]
[WhiteElo "2220"]
[BlackElo "2441"]
[WhiteFideId "2209420"]
[BlackFideId "13402854"]
[EventDate "2022.11.12"]

1. d4 d5 2. c4 e6 3. Nc3 Nf6 4. cxd5 exd5 5. Bg5 c6 6. e3 Nbd7 7. Qc2 Be7 8. Bd3
h6 9. Bf4 Nh5 10. Be5 Nxe5 11. dxe5 O-O 12. Be2 g6 13. Bxh5 gxh5 14. Nge2 Qd7
15. O-O Qf5 16. Qxf5 Bxf5 17. f4 f6 18. Nd4 Bd3 19. Rfd1 fxe5 20. Nf3 e4 21. Nd4
Bc5 22. Na4 Bxd4 23. exd4 Bc2 0-1

[Event "chess.com SpeedChess Q2Sw"]
[Site "chess.com INT"]
[Date "2022.11.12"]
[Round "11"]
[White "Vaibhav, Jayant Raut"]
[Black "Jobava, Baadur"]
[Result "0-1"]
[WhiteTitle "CM"]
[BlackTitle "GM"]
[WhiteElo "2247"]
[BlackElo "2578"]
[WhiteFideId "5089034"]
[BlackFideId "13601520"]
[EventDate "2022.11.12"]

1. d4 d5 2. Bf4 Nf6 3. e3 c5 4. Nd2 Nc6 5. Ngf3 cxd4 6. exd4 Bg4 7. Be2 e6 8. c3
Bd6 9. Bxd6 Qxd6 10. O-O O-O 11. Re1 Rab8 12. a4 Rfc8 13. h3 Bxf3 14. Nxf3 a6
15. Bd3 b5 16. axb5 axb5 17. Ra6 Qd8 18. Qa1 b4 19. Qa4 Rb6 20. Ra1 bxc3 21.
bxc3 g6 22. c4 dxc4 23. Rxb6 Qxb6 24. Qxc4 Kg7 25. Ra6 Qb7 26. Qb5 Qc7 27. Rb6
Ne7 28. Rb7 Qc1+ 29. Bf1 Nf5 30. Ng5 Qxg5 0-1

[Event "chess.com SpeedChess Q2Sw"]
[Site "chess.com INT"]
[Date "2022.11.12"]
[Round "11"]
[White "Kovalev, Vladislav"]
[Black "Lewtak, Damian"]
[Result "1-0"]
[WhiteTitle "GM"]
[BlackTitle "IM"]
[WhiteElo "2623"]
[BlackElo "2385"]
[WhiteFideId "13504398"]
[BlackFideId "1141724"]
[EventDate "2022.11.12"]

1. e4 g6 2. d4 Bg7 3. Be3 a6 4. f4 b5 5. Nf3 Bb7 6. Bd3 e6 7. Nbd2 Ne7 8. O-O f5
9. a4 bxa4 10. c4 fxe4 11. Nxe4 Nf5 12. Bf2 Nc6 13. Nc5 Bc8 14. Bxf5 gxf5 15. d5
Ne7 16. dxe6 d6 17. Qxa4+ c6 18. Rad1 Qc7 19. Nd7 Bxd7 20. exd7+ Qxd7 21. Bc5
Nc8 22. Rfe1+ Kf8 23. Ng5 Kg8 24. Ne6 Bf6 25. Qc2 Qb7 26. Qxf5 Qxb2 27. Bd4
Bxd4+ 28. Nxd4 1-0

[Event "chess.com SpeedChess Q2Sw"]
[Site "chess.com INT"]
[Date "2022.11.12"]
[Round "11"]
[White "Omariev, Maksim"]
[Black "Costachi, Mihnea"]
[Result "1-0"]
[WhiteTitle "FM"]
[BlackTitle "IM"]
[WhiteElo "2304"]
[BlackElo "2476"]
[WhiteFideId "4193423"]
[BlackFideId "1217518"]
[EventDate "2022.11.12"]

1. e4 e5 2. Nf3 Nc6 3. Bb5 Nf6 4. O-O Nxe4 5. Re1 Nd6 6. Nxe5 Nxe5 7. Rxe5+ Be7
8. Bd3 O-O 9. Nc3 Bf6 10. Re3 g6 11. b3 c6 12. Ba3 Qc7 13. Qf3 Bg7 14. Ne4 Nxe4
15. Bxf8 Bxa1 16. Qxe4 d5 17. Qe8 h5 18. Bd6+ Kh7 19. Bxc7 Be6 20. Qxa8 1-0

[Event "chess.com SpeedChess Q2Sw"]
[Site "chess.com INT"]
[Date "2022.11.12"]
[Round "11"]
[White "Biastoch, Bennet"]
[Black "Sreyas, Payyappat"]
[Result "0-1"]
[WhiteTitle "FM"]
[BlackTitle "FM"]
[WhiteElo "2232"]
[BlackElo "2145"]
[WhiteFideId "12939889"]
[BlackFideId "46674969"]
[EventDate "2022.11.12"]

1. e4 c6 2. Nc3 d5 3. Nf3 dxe4 4. Nxe4 Nf6 5. Qe2 Nxe4 6. Qxe4 Nd7 7. Bc4 Nf6 8.
Ne5 e6 9. Qe2 b5 10. Bd3 Qc7 11. a4 b4 12. b3 Bd6 13. Bb2 O-O 14. O-O Bb7 15. f4
c5 16. h3 Nd5 17. Rae1 f6 18. Qh5 g6 19. Nxg6 hxg6 20. Qxg6+ Qg7 21. Qxg7+ Kxg7
22. Rxe6 Rad8 23. Be4 Nxf4 24. Rxd6 Ne2+ 25. Kf2 Rxd6 26. Bxb7 Rxd2 27. Be4 Nc3+
28. Ke3 Nxe4 29. Kxe4 Rxc2 30. Ba1 Rxg2 31. Kd5 Rg5+ 32. Kc4 Kg6 33. a5 Rf5 34.
Rg1+ Kf7 35. a6 Rh8 36. Rg3 Rb8 37. Rd3 Ke6 38. Re3+ Kd7 39. Rg3 Kc6 40. Rg6 Rd8
41. Rg7 Rf4+ 0-1

[Event "chess.com SpeedChess Q2Sw"]
[Site "chess.com INT"]
[Date "2022.11.12"]
[Round "11"]
[White "Sanchez, Robert"]
[Black "Singh, Arvinder Preet"]
[Result "0-1"]
[BlackTitle "FM"]
[WhiteElo "1971"]
[BlackElo "2148"]
[WhiteFideId "2034360"]
[BlackFideId "5013240"]
[EventDate "2022.11.12"]

1. e4 c6 2. d4 g6 3. Nf3 Bg7 4. Nc3 d5 5. e5 Bg4 6. h3 Bxf3 7. Qxf3 f6 8. Bf4
Nd7 9. Qe2 fxe5 10. dxe5 e6 11. O-O-O Qc7 12. Re1 Ne7 13. g4 Rf8 14. Bg3 O-O-O
15. Bg2 a6 16. f4 c5 17. Kb1 Nc6 18. Qd1 g5 19. f5 Ndxe5 20. fxe6 Qb6 21. Nxd5
Rxd5 22. Bxd5 Nc4 23. b3 Qb4 24. Bxc4 Rd8 25. Qf3 Qa3 26. c3 Rd2 0-1

[Event "chess.com SpeedChess Q2Sw"]
[Site "chess.com INT"]
[Date "2022.11.12"]
[Round "11"]
[White "Vifleemskaia, Svetlana"]
[Black "Ezat, Mohamed"]
[Result "1-0"]
[WhiteTitle "WFM"]
[BlackTitle "IM"]
[WhiteElo "1947"]
[BlackElo "2404"]
[WhiteFideId "4129490"]
[BlackFideId "10600906"]
[EventDate "2022.11.12"]

1. d4 d6 2. c4 Nf6 3. Nc3 g6 4. e4 Bg7 5. Nge2 O-O 6. Ng3 Nc6 7. d5 Ne5 8. Bf4
c5 9. Bxe5 dxe5 10. h4 h5 11. Qd2 Ne8 12. Be2 Nd6 13. Bxh5 gxh5 14. Nxh5 e6 15.
Rh3 f5 16. Rg3 Rf7 17. Qh6 Qe7 18. O-O-O f4 19. Rg6 Kf8 20. Nxg7 Rxg7 21. Qh8+ 1-0

[Event "chess.com SpeedChess Q2Sw"]
[Site "chess.com INT"]
[Date "2022.11.12"]
[Round "11"]
[White "Bluebaum, Matthias"]
[Black "Goltsev, Dmitry"]
[Result "1-0"]
[WhiteTitle "GM"]
[BlackTitle "FM"]
[WhiteElo "2651"]
[BlackElo "2232"]
[WhiteFideId "24651516"]
[BlackFideId "24176710"]
[EventDate "2022.11.12"]

1. d4 Nf6 2. c4 e6 3. Nc3 Bb4 4. e3 Qe7 5. Bd3 b6 6. Nf3 Bb7 7. Bd2 Bxc3 8. Bxc3
Ne4 9. Bxe4 Bxe4 10. d5 exd5 11. cxd5 O-O 12. Qd4 f6 13. Nd2 Bg6 14. h4 c5 15.
Qg4 d6 16. h5 Bf7 17. h6 g6 18. e4 Bxd5 19. O-O-O Qe6 20. Qg3 Bxa2 21. f4 b5 22.
f5 Qf7 23. fxg6 Qxg6 24. Qxd6 b4 25. Rh3 bxc3 26. Rg3 cxd2+ 27. Rxd2 Bf7 28.
Rxg6+ Bxg6 29. Qe7 Rf7 30. Rd8+ 1-0

[Event "chess.com SpeedChess Q2Sw"]
[Site "chess.com INT"]
[Date "2022.11.12"]
[Round "11"]
[White "Ilkhomi, Jaloliddin"]
[Black "Mezhlumyan, Vahram"]
[Result "0-1"]
[WhiteTitle "FM"]
[BlackTitle "FM"]
[WhiteElo "2145"]
[BlackElo "2208"]
[WhiteFideId "14700948"]
[BlackFideId "13302183"]
[EventDate "2022.11.12"]

1. d4 d5 2. Bf4 e6 3. e3 Bd6 4. Bg3 Bxg3 5. hxg3 Nf6 6. Nd2 Qe7 7. Ngf3 Nbd7 8.
Bb5 c6 9. Bd3 e5 10. dxe5 Nxe5 11. Nxe5 Qxe5 12. c3 Bg4 13. Be2 Bxe2 14. Qxe2
O-O 15. O-O-O Rfe8 16. Rh4 Rad8 17. Rdh1 c5 18. Nf3 Qf5 19. Rf4 Qd7 20. g4 Qd6
21. Qd3 Re4 22. Rf5 Rxg4 23. g3 g6 24. Rf4 Rxf4 25. gxf4 Ne4 26. Rh2 Qe6 27. Nd2
Nf6 28. Rh1 a6 29. Nf3 Qe4 30. Qxe4 dxe4 31. Nd2 h5 32. f3 exf3 33. Nxf3 Ng4 34.
e4 Nf2 35. Rg1 Nxe4 36. f5 Kg7 37. Ne5 Kf6 38. fxg6 Kxe5 39. gxf7 Rf8 40. Rh1
Nf6 41. Re1+ Kd6 42. Re8 Nxe8 0-1

[Event "chess.com SpeedChess Q2Sw"]
[Site "chess.com INT"]
[Date "2022.11.12"]
[Round "11"]
[White "Harsha, Bharathakoti"]
[Black "Danielyan, Vahe"]
[Result "0-1"]
[WhiteTitle "GM"]
[BlackTitle "IM"]
[WhiteElo "2582"]
[BlackElo "2307"]
[WhiteFideId "5078776"]
[BlackFideId "13304828"]
[EventDate "2022.11.12"]

1. e4 d5 2. exd5 Qxd5 3. Nc3 Qe5+ 4. Be2 Bg4 5. d4 Bxe2 6. Ngxe2 Qa5 7. O-O Nf6
8. b4 Qh5 9. f3 g5 10. f4 gxf4 11. Bxf4 Nbd7 12. Qd3 c6 13. b5 Qg6 14. Qf3 Bg7
15. bxc6 bxc6 16. Qxc6 O-O 17. Rf3 Rfc8 18. Qa6 Qxc2 19. Rc1 Qf5 20. Bh6 Qh5 21.
Bxg7 Kxg7 22. Ng3 Qg5 23. Rcf1 Kh8 24. Qd3 Rg8 25. R3f2 Rg7 26. Nge4 Qh6 27. h3
Rag8 28. Kh1 Nh5 29. Ne2 f5 30. Rxf5 Rxg2 31. Rxh5 Qg6 32. Qf3 Ne5 33. N2g3 Nxf3
34. Kxg2 Qxe4 0-1

[Event "chess.com SpeedChess Q2Sw"]
[Site "chess.com INT"]
[Date "2022.11.12"]
[Round "11"]
[White "Baches Garcia, Guillermo"]
[Black "Podobnik, Marijan"]
[Result "1-0"]
[WhiteTitle "IM"]
[BlackTitle "FM"]
[WhiteElo "2326"]
[BlackElo "2118"]
[WhiteFideId "2209764"]
[BlackFideId "14502151"]
[EventDate "2022.11.12"]

1. e4 Nf6 2. e5 Nd5 3. c4 Nb6 4. d4 d6 5. exd6 cxd6 6. Nc3 g6 7. Bd3 Bg7 8. Nge2
O-O 9. O-O Nc6 10. d5 Ne5 11. b3 a5 12. Be3 a4 13. Rc1 axb3 14. axb3 Bg4 15. h3
Bxe2 16. Bxe2 Ned7 17. b4 Nf6 18. Qb3 Nbd7 19. c5 Nb8 20. Rfd1 Qd7 21. Bb5 Qc7
22. Na4 Nfd7 23. c6 bxc6 24. dxc6 Ne5 25. Nb6 Nbxc6 26. Nxa8 Rxa8 27. Bxc6 Nxc6
28. b5 Rb8 29. Rxc6 Qxc6 30. bxc6 Rxb3 31. c7 Rc3 32. Rc1 1-0

[Event "chess.com SpeedChess Q2Sw"]
[Site "chess.com INT"]
[Date "2022.11.12"]
[Round "11"]
[White "Ristic, Nebojsa M"]
[Black "Firat, Burak"]
[Result "0-1"]
[WhiteTitle "IM"]
[BlackTitle "GM"]
[WhiteElo "2335"]
[BlackElo "2460"]
[WhiteFideId "900850"]
[BlackFideId "6305881"]
[EventDate "2022.11.12"]

1. d4 Nf6 2. Bf4 c5 3. e3 Qb6 4. Nc3 d6 5. Rb1 g6 6. h4 h6 7. Nf3 Bg7 8. Be2
Nbd7 9. O-O a6 10. a3 O-O 11. Re1 Qc7 12. Qd2 b5 13. dxc5 Nxc5 14. Nd5 Nxd5 15.
Qxd5 Bf5 16. Qd1 Na4 17. Nd4 Bd7 18. Bg3 Rac8 19. c3 e5 20. Nb3 Bf5 21. Bd3 Be6
22. e4 h5 23. Nd2 Nc5 24. Bc2 Rcd8 25. Nf1 d5 26. exd5 Bxd5 27. Qc1 Rfe8 28. Ne3
Bb7 29. Rd1 Ne4 30. Bh2 Qe7 31. g3 Qe6 32. f3 Nf6 33. Kg2 Bh6 34. Bg1 Nd5 35.
Be4 f5 36. Bxd5 Bxd5 37. Rd2 Qc6 38. Qd1 Bxf3+ 39. Qxf3 Rxd2+ 40. Bf2 Qxf3+ 41.
Kxf3 e4+ 42. Kg2 Bxe3 0-1

[Event "chess.com SpeedChess Q2Sw"]
[Site "chess.com INT"]
[Date "2022.11.12"]
[Round "11"]
[White "Kravtsiv, Martyn"]
[Black "Vokhidov, Shamsiddin"]
[Result "1-0"]
[WhiteTitle "GM"]
[BlackTitle "GM"]
[WhiteElo "2598"]
[BlackElo "2568"]
[WhiteFideId "14113147"]
[BlackFideId "14204223"]
[EventDate "2022.11.12"]

1. e4 c5 2. Nf3 d6 3. Bb5+ Nd7 4. d4 cxd4 5. Qxd4 a6 6. Bxd7+ Bxd7 7. O-O Nf6 8.
Bg5 e6 9. Nbd2 Bc6 10. Nc4 Bxe4 11. Bxf6 Qxf6 12. Qxe4 d5 13. Qe2 dxc4 14. Qxc4
Bd6 15. c3 O-O 16. Rad1 Rfd8 17. Qe4 Qe7 18. Rd4 Bc5 19. Rxd8+ Rxd8 20. h4 h6
21. g3 Qd6 22. Kg2 Qd5 23. Qxd5 Rxd5 24. Re1 Kf8 25. Kf1 Ke7 26. Ke2 f6 27. a4
h5 28. b4 Ba7 29. c4 Rd7 30. a5 e5 31. c5 Bb8 32. Ke3 f5 33. Rc1 e4 34. Nd4 Rd5
35. c6 Ba7 36. c7 Rxd4 37. Kf4 1-0

[Event "chess.com SpeedChess Q2Sw"]
[Site "chess.com INT"]
[Date "2022.11.12"]
[Round "11"]
[White "Deac, Bogdan-Daniel"]
[Black "Grischuk, Alexander"]
[Result "1-0"]
[WhiteTitle "GM"]
[BlackTitle "GM"]
[WhiteElo "2700"]
[BlackElo "2745"]
[WhiteFideId "1226380"]
[BlackFideId "4126025"]
[EventDate "2022.11.12"]

1. d4 Nf6 2. c4 e6 3. Nf3 d5 4. g3 Bb4+ 5. Bd2 Be7 6. Bg2 c6 7. Qc2 Nbd7 8. Bf4
Ne4 9. h4 O-O 10. Nc3 Nd6 11. c5 Ne8 12. e4 dxe4 13. Nxe4 Ndf6 14. Neg5 Nc7 15.
Be5 Ncd5 16. Nd2 h6 17. O-O-O Re8 18. Nc4 b6 19. Nd6 Bxd6 20. cxd6 Kf8 21. Rde1
hxg5 22. hxg5 Ng8 23. f4 f6 24. Rh8 fxe5 25. Qh7 Qxd6 26. Qxg8+ 1-0

[Event "chess.com SpeedChess Q2Sw"]
[Site "chess.com INT"]
[Date "2022.11.12"]
[Round "11"]
[White "Grot, Blazej"]
[Black "Matveeva, Olga"]
[Result "0-1"]
[WhiteTitle "CM"]
[BlackTitle "WIM"]
[WhiteElo "1839"]
[BlackElo "2111"]
[WhiteFideId "21835845"]
[BlackFideId "24107018"]
[EventDate "2022.11.12"]

1. e4 e6 2. d4 d5 3. Nd2 c5 4. exd5 Qxd5 5. dxc5 Qxc5 6. Ngf3 Nf6 7. Bd3 Nbd7 8.
O-O Qc7 9. Qe2 b6 10. Ne4 Bb7 11. Bg5 Be7 12. Rad1 O-O 13. Nxf6+ Nxf6 14. Bxf6
Bxf6 15. c3 Rfd8 16. Be4 Rac8 17. h3 g6 18. Bxb7 Qxb7 19. Rxd8+ Rxd8 20. Rd1 Qc7
21. Rd3 Rxd3 22. Qxd3 Qd8 23. Qe2 Qd5 24. a3 h5 25. h4 Kg7 26. g3 a5 27. a4 Qb3
28. Qb5 Qd1+ 29. Kg2 Qd6 30. b4 Bxc3 31. bxa5 bxa5 32. Qc4 Bf6 33. Qb5 Qb4 34.
Qxb4 axb4 35. Nd2 Bd4 36. Nb3 Ba7 37. Kf3 f5 38. Ke2 Kf6 39. f3 g5 40. hxg5+
Kxg5 41. a5 f4 42. gxf4+ Kxf4 43. Nd2 h4 44. a6 h3 45. Nf1 b3 46. Kd3 Kxf3 47.
Kc3 Kf2 48. Nh2 Kg2 49. Ng4 h2 50. Nxh2 Kxh2 51. Kxb3 Kg3 52. Kc4 Kf3 53. Kb5 e5
54. Kc6 e4 55. Kb7 Bd4 56. a7 Bxa7 57. Kxa7 e3 58. Kb6 e2 59. Kc5 e1=Q 60. Kd4
Qe4+ 61. Kc3 Qd5 62. Kb2 Qc4 63. Ka1 Qb4 0-1

[Event "chess.com SpeedChess Q2Sw"]
[Site "chess.com INT"]
[Date "2022.11.12"]
[Round "11"]
[White "Gokerkan, Cem Kaan"]
[Black "Balaji, Aaravamudhan"]
[Result "1-0"]
[WhiteTitle "IM"]
[BlackTitle "CM"]
[WhiteElo "2470"]
[BlackElo "2353"]
[WhiteFideId "6336760"]
[BlackFideId "436224"]
[EventDate "2022.11.12"]

1. e4 e6 2. d4 d5 3. Nd2 Nf6 4. e5 Nfd7 5. Ne2 c5 6. c3 Nc6 7. g3 Qb6 8. Nf3 a5
9. Bg2 a4 10. O-O a3 11. b3 Qc7 12. Bf4 b6 13. c4 Nb4 14. Nc3 Bb7 15. Ng5 dxc4
16. d5 Nxe5 17. d6 Bxd6 18. Nb5 Qe7 19. Nxd6+ Kf8 20. Bxb7 Rd8 21. Bxe5 Qxg5 22.
Qe2 h5 23. bxc4 h4 24. Rad1 Ke7 25. Bf4 Qg6 26. Be4 Qf6 27. Qe3 Kf8 28. Bg5 Qe5
29. Bxd8 hxg3 30. fxg3 Qb2 31. Rxf7+ Kg8 32. Rf2 Qe5 33. Bh7+ Kxh7 34. Qxe5 1-0

[Event "chess.com SpeedChess Q2Sw"]
[Site "chess.com INT"]
[Date "2022.11.12"]
[Round "11"]
[White "Naroditsky, Daniel"]
[Black "Salem, A.R. Saleh"]
[Result "1-0"]
[WhiteTitle "GM"]
[BlackTitle "GM"]
[WhiteElo "2617"]
[BlackElo "2677"]
[WhiteFideId "2026961"]
[BlackFideId "9301348"]
[EventDate "2022.11.12"]

1. d4 Nf6 2. Bf4 g6 3. e3 Bg7 4. h3 O-O 5. Nf3 d6 6. Be2 Nfd7 7. Bh2 e5 8. c4
Nc6 9. O-O e4 10. Nfd2 f5 11. Nc3 Nf6 12. Rb1 g5 13. b4 Ne7 14. b5 Ng6 15. Qc2
Rf7 16. Rbe1 c6 17. bxc6 bxc6 18. f3 c5 19. fxe4 f4 20. exf4 cxd4 21. Nb5 gxf4
22. c5 dxc5 23. Bc4 Qe7 24. e5 Nh5 25. Nd6 Be6 26. Bxe6 Qxe6 27. Nxf7 Qxf7 28.
Qxc5 Re8 29. e6 Rxe6 30. Qxh5 d3 31. Qd5 Re2 32. Qxf7+ Kxf7 33. Rxe2 dxe2 34.
Re1 1-0

[Event "chess.com SpeedChess Q2Sw"]
[Site "chess.com INT"]
[Date "2022.11.12"]
[Round "11"]
[White "Prohorov, Olexandr"]
[Black "Deev, Andrei"]
[Result "1-0"]
[BlackTitle "IM"]
[WhiteElo "2086"]
[BlackElo "2390"]
[WhiteFideId "14105578"]
[BlackFideId "4102690"]
[EventDate "2022.11.12"]

1. e4 d6 2. d4 Nf6 3. Nc3 c6 4. g3 b5 5. a3 a5 6. Bg2 Bb7 7. Nge2 b4 8. axb4
axb4 9. Rxa8 Bxa8 10. Nb1 e6 11. O-O d5 12. Nd2 Be7 13. c4 bxc3 14. bxc3 O-O 15.
Qa4 Nbd7 16. Ba3 Nb6 17. Qa6 Bxa3 18. Qxa3 Qc7 19. Rb1 Bb7 20. Nb3 Ra8 21. Qc1
Nc4 22. Nc5 Bc8 23. e5 Nd7 24. Nf4 Nxc5 25. dxc5 Nxe5 26. c4 Nxc4 27. Qc3 Ra3
28. Qb4 Ra8 29. Qc3 Bd7 30. Nh5 e5 31. f4 Re8 32. Rf1 Be6 33. f5 d4 34. Qd3 Bd5
35. f6 Bxg2 36. Kxg2 Ne3+ 37. Kg1 Nxf1 38. Qxf1 Re6 39. Nxg7 e4 40. Qa1 Rxf6 41.
Nh5 Re6 42. Qa8+ 1-0

[Event "chess.com SpeedChess Q2Sw"]
[Site "chess.com INT"]
[Date "2022.11.12"]
[Round "11"]
[White "Janaszak, Dawid"]
[Black "Bochnicka, Vladimir ml."]
[Result "1-0"]
[WhiteTitle "FM"]
[BlackTitle "FM"]
[WhiteElo "2322"]
[BlackElo "2350"]
[WhiteFideId "1119206"]
[BlackFideId "14943450"]
[EventDate "2022.11.12"]

1. e4 c5 2. Nc3 Nc6 3. Bb5 g6 4. Bxc6 dxc6 5. d3 Bg7 6. Be3 b6 7. Qd2 h5 8. Nge2
Nf6 9. h3 Be6 10. O-O O-O 11. Bh6 Nd7 12. Bxg7 Kxg7 13. Nf4 Ne5 14. Nxe6+ fxe6
15. f4 Qd4+ 16. Kh1 Nc4 17. Qc1 Na5 18. Ne2 Qd6 19. b3 b5 20. a4 c4 21. axb5
cxd3 22. cxd3 Qb4 23. Ra4 Qxb5 24. Qa1+ e5 25. Rxa5 Qxd3 26. Rxe5 Kf7 27. Ng1
Qxb3 28. Nf3 a5 29. Ng5+ Ke8 30. Qc1 Rf6 31. Qc5 Qb7 32. Re6 Rxe6 33. Nxe6 a4
34. f5 a3 35. fxg6 a2 36. Qd4 Qb1 37. Nc7# 1-0

[Event "chess.com SpeedChess Q2Sw"]
[Site "chess.com INT"]
[Date "2022.11.12"]
[Round "11"]
[White "Kukula, Pawel"]
[Black "Walentukiewicz, Michal"]
[Result "0-1"]
[BlackTitle "CM"]
[WhiteElo "2135"]
[BlackElo "2088"]
[WhiteFideId "1115081"]
[BlackFideId "1126903"]
[EventDate "2022.11.12"]

1. d4 g6 2. h4 h5 3. Nc3 Bg7 4. e4 c5 5. d5 d6 6. Nf3 Nf6 7. Bb5+ Bd7 8. Be2 O-O
9. Ng5 Na6 10. f3 Nc7 11. g4 b5 12. gxh5 Nxh5 13. Rg1 b4 14. Nb1 e6 15. f4 Nf6
16. h5 exd5 17. hxg6 fxg6 18. exd5 Nfxd5 19. Bc4 Bc6 20. Qg4 Qf6 21. Qh4 Rfe8+
22. Kf1 Bb5 23. Bxb5 Nxb5 24. Qh7+ Kf8 25. Qh4 Kg8 26. Qh7+ Kf8 27. Qh4 Ke7 28.
Qg4 Nd4 29. Ne4 Qf5 30. Qxf5 Nxf5 31. c4 bxc3 32. Nbxc3 Nxc3 33. bxc3 Kf7 34.
Ng5+ Kg8 35. Rb1 Rab8 36. Rxb8 Rxb8 37. Ke2 Bxc3 38. Kd3 Bd4 39. Rg2 Rb1 40. Bd2
Rb2 41. Re2 Rxa2 42. Re8+ Kg7 43. Rd8 Bf6 44. Rd7+ Ne7 45. Bc3 Ra3 46. Rxe7+ Kg8
47. Rb7 Rxc3+ 48. Ke4 Bxg5 49. fxg5 Rg3 50. Kf4 Rd3 51. Rxa7 Rd4+ 52. Ke3 Rd5
53. Kf4 c4 54. Rc7 Rc5 55. Rd7 c3 56. Rxd6 c2 57. Rxg6+ Kf7 0-1